Juegos de recreación : tomo 3 /
Guardado en:
| Autor Principal: | |
|---|---|
| Formato: | Libro |
| Publicado: |
Capital Federal :
Ruy Díaz,
1981
|
| Materias: | |
| Etiquetas: |
Agregar Etiqueta
Sin Etiquetas, Sea el primero en etiquetar este registro!
|
| LEADER | 00656nam a22002175a 4500 | ||
|---|---|---|---|
| 001 | CEM.cems013323 | ||
| 005 | 20100408092822.0 | ||
| 008 | 130507s1981##################000#0#####d | ||
| 003 | CEMS | ||
| 082 | 0 | 4 | |a SG371.73 |
| 100 | 1 | |a Bauzer Medeiros, Ethel | |
| 245 | 1 | 0 | |a Juegos de recreación : |b tomo 3 / |c Ethel Bauzer Medeiros |
| 260 | |a Capital Federal : |b Ruy Díaz, |c 1981 | ||
| 300 | |a 207 p. | ||
| 505 | 0 | |a Juegos de correr -- Juegos de persecución | |
| 653 | |a Educación | ||
| 653 | |a Recreación | ||
| 653 | |a Juegos | ||
| 653 | |a Educación primaria | ||
| 653 | |a Educación física | ||
| 859 | |a CEMS |b BIB. CEMS - 11 de abril |h SG371.73 |i B329 |p 25821.10 |t Ej.1 |v 3 |3 3 | ||
